| Поле | Инд. | ПП | Название | Значение |
|---|---|---|---|---|
| Тип записи | a | |||
| Библиографический уровень | b | |||
| 001 | Контрольный номер | 7389a05b37094329857159fd6ef6c509 | ||
| 005 | Дата корректировки | 20260507144703.5 | ||
| 024 | 80 | a | Стандартный номер | 10.54546/NaturalSciRev.200606 |
| 040 | a | Служба первич. каталог. | РИНЦ | |
| b | Код языка каталог. | rus | ||
| 041 | 0_ | a | Код языка текста | eng |
| 097 | a | Садовникова Л.В. | ||
| 100 | 1_ | a | Автор | Teryaev O. V. |
| c | Титул (звания) | доктор физико-математических наук; профессор (должность) | ||
| i | 000091234 | |||
| g | Прочие сведения | РИНЦ AuthorID: 23841 (http://elibrary.ru/author_profile.asp?id= 23841); Scopus Author ID: 7003412423 (https://www.scopus.com/authid/detail.uri?authorId= 7003412423) | ||
| j | Принадлежность неизвестного автора к последователям, ученикам, сторонникам, школе и т. д. | государственный университет "Дубна" | ||
| k | Кафедра фундаментальных проблем физики микромира; Инженерно-физический институт | |||
| q | Полное имя | Теряев Олег Валерианович | ||
| u | Дополнение | Теряев О. В.; Teryaev Oleg V. | ||
| 245 | 10 | a | Заглавие | Spin Phenomena in Quantum Chromodynamics |
| 773 | 18 | t | Название источника | Natural Science Review |
| b | Сведения об издании | Joint Institute for Nuclear Research | ||
| c | Russia | |||
| d | Место и дата издания | 2026 | ||
| x | ISSN | 3079-2738 | ||
| g | Прочая информация | V. 6. - № 6. - P. 1 - 10 | ||
| w | Контрольный № источника | 52cde752c35e4723bc4eda820a1db7ce | ||
| 856 | 40 | u | URL | https://elibrary.ru/item.asp?id=89261285 |
| 901 | t | Тип документа | b | |
| 952 | c | Вид литературы | статья в журнале |